00600 2200217 4500001002100000008004100021035002000062245009400082100002000176250002000196260003300216300002100249020002200270084002000292082001400312650002000326990000900346990000900355990000900364990000900373INLIS000000000001174 ind  a0010-0425001174 aBersahabat Tanpa BullyingbKisah Persahabatan yang Tulus Tingkat SMP/MTscLita Juliantini aLita Juliantini aCetakan Pertama aDepok :bCV ARYA DUTA,c2017 a102 hlm.c25 cm. a978-979-094-197-7 a364.1.172 LIT b a364.1.172 aLita Juliantini a3361 a3362 a3363 a3364